Estudios en educación matemática; la geometría en las escuelas. volumen 5 /

Guardado en:
Autor Principal: Unesco
Formato: Libro
Publicado: Francia : Unesco, 1986
Materias:
Etiquetas: Agregar Etiqueta
Sin Etiquetas, Sea el primero en etiquetar este registro!
LEADER 00907nam a22002055a 4500
001 CEM.cems006370
005 20060214000000.0
008 130507s1986##################000#0#####d
003 CEMS
082 0 4 |a 513.07 
100 1 |a Unesco 
245 1 0 |a Estudios en educación matemática; la geometría en las escuelas. volumen 5 / 
260 |a Francia :  |b Unesco,  |c 1986 
300 |a 259 p. 
505 0 |a Perpendicularidad de rectas entre si y de rectas y planos; Rectas coplanares y alabeadas; Angulo diedro convexo; Perpendicularidad de planos; Angulos triedros y poliedros; Poliedros; Superficie prismatica; Superficie cilindrica; Superficies; Equivalencia de cuerpos geometricos; Producto de tres segmentos 
653 |a Didactica de la geometria 
653 |a Didactica de la geometria 
653 |a Geometria y computacion 
653 |a Matematica 
859 |a CEMS  |b BIB. CEMS - 11 de abril  |h 513.07  |i Un1/5  |p 15174.88  |t Ej.1